ՀՀ Գիտությունների ազգային ակադեմիայի հիմնարար գիտական գրադարան  =   Fundamental Scientific Library of NAS RA

Շուտասելուկներ և բառախաղեր : (Record no. 156540)

MARC details
000 -LEADER
fixed length control field 00922nam a2200241 u 4500
001 - CONTROL NUMBER
control field 000411281
003 - CONTROL NUMBER IDENTIFIER
control field AM-YeHGA
005 - DATE AND TIME OF LATEST TRANSACTION
control field 20250618072420.0
008 - FIXED-LENGTH DATA ELEMENTS--GENERAL INFORMATION
fixed length control field 050222s2004 ai r 000 0 arm d
020 ## - INTERNATIONAL STANDARD BOOK NUMBER
International Standard Book Number 9994134655
040 ## - CATALOGING SOURCE
Original cataloging agency AM-YeHGA
041 0# - LANGUAGE CODE
Language code of text/sound track or separate title arm
090 ## - LOCALLY ASSIGNED LC-TYPE CALL NUMBER (OCLC); LOCAL CALL NUMBER (RLIN)
-- 157940
100 1# - MAIN ENTRY--PERSONAL NAME
Personal name Սահակյան, Յուրի Հակոբի,
Dates associated with a name 1937-
245 10 - TITLE STATEMENT
Title Շուտասելուկներ և բառախաղեր :
Remainder of title Դպր. կրտսեր տարիքի համար /
Statement of responsibility, etc. Յու. Սահակյան; Նկ.՝ Ն. Բարսեղյան.
250 ## - EDITION STATEMENT
Edition statement 2-րդ բարեփոխված հրատ.
260 ## - PUBLICATION, DISTRIBUTION, ETC.
Place of publication, distribution, etc. Երևան :
Name of publisher, distributor, etc. Անտարես,
Date of publication, distribution, etc. 2004.
300 ## - PHYSICAL DESCRIPTION
Extent 28 էջ :
Other physical details գունանկ. ;
Dimensions 15 սմ.
500 ## - GENERAL NOTE
General note ISBN-ը կրկնվում է
650 14 - SUBJECT ADDED ENTRY--TOPICAL TERM
Topical term or geographic name entry element Հայ մանկական գրականություն
9 (RLIN) 5413
650 14 - SUBJECT ADDED ENTRY--TOPICAL TERM
Topical term or geographic name entry element Շուտասելուկներ, բառախաղեր
700 1# - ADDED ENTRY--PERSONAL NAME
Personal name Բարսեղյան, Նելլի
Relator term նկ.
Relationship art
Holdings
Withdrawn status Lost status Damaged status Not for loan Collection Home library Current library Date acquired Cost, normal purchase price Total checkouts Full call number Barcode Date last seen Price effective from Koha item type Public note
        General Fundamental Scientific Library Fundamental Scientific Library 28/12/2016 80.00   AI/19628 FL0064389 28/12/2016 28/12/2016 Գրքեր / Books 30 Days Loan
        General Fundamental Scientific Library Fundamental Scientific Library 28/12/2016 80.00   AI/19629 FL0064390 28/12/2016 28/12/2016 Գրքեր / Books 30 Days Loan


ՀՀ ԳԱԱ հիմնարար գիտական գրադարան
ՀՀ,Երևան 0019
Մարշալ Բաղրամյան 24/6
հեռախոս:(374-10) 52-47-50
Հետադարձ կապ

All site content, except where otherwise noted, is licensed under a
Creative Commons License